00334 a2200109 4500001001000000005001700010008004100027245004100068100002200109773007600131999001700207ART_1000520260410161839.0260409a 10aEl riesgo en la empresa agropecuaria1 aGallacher, Marcos0 tContabilidad y administracióng- Año 7, Nº 78 (dic. 1983)wREV5485 c23952d23952